Catálogo

Credo : (Registro nro. 61204)

Detalles MARC
000 -LEADER
fixed length control field 00827nam a2200241 u 4500
001 - CONTROL NUMBER
control field 61204
005 - DATE AND TIME OF LATEST TRANSACTION
control field 20180714062739.0
008 - FIXED-LENGTH DATA ELEMENTS--GENERAL INFORMATION
fixed length control field 140516s2013 mx a r 000 0 spa d
020 ## - INTERNATIONAL STANDARD BOOK NUMBER
International Standard Book Number 978-607-9019-02-0
041 ## - LANGUAGE CODE
Language code of text/sound track or separate title spa
082 0# - DEWEY DECIMAL CLASSIFICATION NUMBER
Classification number 282.092
Item number BEL
100 1# - MAIN ENTRY--PERSONAL NAME
Personal name Beltramo Álvarez, Andrés
Dates associated with a name 1979
Relator term autor
245 10 - TITLE STATEMENT
Title Credo :
Remainder of title retrato interior del cardenal Juan Sandoval Iñiguez /
Statement of responsibility, etc. Andrés Beltramo Álvarez.
250 ## - EDITION STATEMENT
Edition statement 1a edición.
260 ## - PUBLICATION, DISTRIBUTION, ETC.
Place of publication, distribution, etc. México :
Name of publisher, distributor, etc. Divulgación Editorial,
Date of publication, distribution, etc. 2013.
300 ## - PHYSICAL DESCRIPTION
Extent 218 páginas :
Other physical details ilustraciones ;
Dimensions 22 cm.
336 ## - CONTENT TYPE
Content type term texto
Source rdacontent
337 ## - MEDIA TYPE
Media type term sin mediación
Source rdamedia
338 ## - CARRIER TYPE
Carrier type term volume
Source rdacarrier
600 14 - SUBJECT ADDED ENTRY--PERSONAL NAME
Personal name Sandoval Íñiguez, Juan
Titles and other words associated with a name Cardenal,
Dates associated with a name 1933-
650 #0 - SUBJECT ADDED ENTRY--TOPICAL TERM
Topical term or geographic name entry element Cardenales
General subdivision Biografías
700 1# - ADDED ENTRY--PERSONAL NAME
Personal name Reyes Brambila, Juan Manuel
Relator term editor
Existencias
Withdrawn status Lost status Source of classification or shelving scheme Damaged status Not for loan Collection code Home library Current library Shelving location Date acquired Source of acquisition Inventory number Total Checkouts Full call number Barcode Date last seen Price effective from Koha item type
    Dewey Decimal Classification     General Biblioteca Karol Wojtyla Biblioteca Karol Wojtyla Sala general 16/05/2014 Compra 151000000000000000058429   282.092 BEL 2013 91475 05/01/2026 16/05/2014 Libro